000 00428nam a22001697a 4500
003 NUST - PNEC
005 20170116181137.0
008 151007b xxu||||| |||| 00| 0 eng d
020 _a8174090649
040 _cLIBRARY
082 _a665.53 PRA
100 _914402
_aPrasad, Ram
245 _aPetroleum refining technology
_cRam Prasad
260 _cc.2002
650 _914405
_aPetroleum--Refining
_xMIS
942 _2ddc
_cBK
999 _c70307
_d70307